| 000 | 00445cas a22001697a 4500 | ||
|---|---|---|---|
| 022 | 0 | _a1090-7459 | |
| 040 | _cNSD | ||
| 082 | 1 | 0 | _a621 KNO 1996 C154 Or. |
| 245 | 0 | 0 | _aAV video & multimedia producer. |
| 260 |
_aWhite Plains, NY : _bKnowledge Industry Publications, _cc1996- |
||
| 300 |
_av. : _bill. ; _c28 cm. |
||
| 500 | _aTitle from cover. | ||
| 650 | 0 | _aSound | |
| 650 | 0 | _aVideo recording | |
| 650 | 0 | _aComputer graphics | |
| 942 | _cAEDBB | ||
| 999 |
_c18912 _d18912 |
||